000 01982cam a2200301 a 4500
999 _c8174
_d8174
003 OSt
005 20200810111302.0
008 110412s2012 caua b 001 0 eng d
010 _a 2011927306
020 _a9780857020390 (pbk.)
020 _a9780857020383
035 _a(OCoLC)ocn794019396
042 _alccopycat
050 0 0 _aLB1028
_b.R3754 2012
082 0 0 _a370.72
_223
245 0 0 _aResearch methods and methodologies in education /
_cedited by James Arthur ... [et al.].
246 1 4 _aResearch methods & methodologies in education
260 _aLos Angeles :
_bSAGE,
_c2012.
300 _axxxiv, 417 p. :
_bill. ;
_c24 cm.
504 _aIncludes bibliographical references and index.
520 _a"This straightforward and jargon-free book will provide students with the theoretical understandings, practical knowledge and skills they need to carry out independent research. The international contributors identify key research methodologies, data collection tools and analysis methods and focus on the direct comparisons between them. Each chapter sets out the strengths and weaknesses of a key research method by: identifying specific research designs; presenting a series of relevant data collection tools; highlighting which analytical methods can be used. The chapters cover the full range of methods and methodologies, including internet research, mixed methods, and ethnographic research. Additional online materials are also available including links to useful journal articles. This is a key book for M-level students and other postgraduates within Education and Educational Research Methods courses."--Cover p. [4].
650 0 _aEducation
_xResearch
_xMethodology.
650 0 _aEducation research.
700 1 _aArthur, James.
856 4 2 _3Additional online material
_uhttp://www.uk.sagepub.com/books/Book235020#tabview=samples
942 _2ddc